00576nam a22001457a 450000500170000000800410001702000180005805000190007610000030009524500950009825000120019326000640020530000210026950501400029020220610152229.0220610b ||||| |||| 00| 0 eng d a0797776123377 aHD39.5.B63(2e)  aExecutive insight series : compendium of supply chain management terms /cDouglas Boateng. a2nd ed. aJohannesburg :bPanAvest International and Partners,c2016. a927 p. :c22 cm. aContents : A -- B -- C-- D -- E -- F-- G -- H -- I -- J -- K -- L -- M -- N -- O -- P -- Q-- R -- S -- T -- U -- V -- W -- X -- Y -- Z.